Т. 1: 1901-1909; Нобелевская премия. Физиология и медицина
| Parent link: | Нобелевская премия. Физиология и медицина. Т. 1: 1901-1909.— , 2006.— 5-902758-01-7 |
|---|---|
| Jazyk: | ruština |
| Vydáno: |
2006
|
| Témata: |
Эрлих
> П.
> Ehrlich
> немецкий врач
> бактериолог
> биохимик
> один из основоположников иммунологии и химиотерапии
> 1854-1915
> Пауль
Беринг
> Э. А. фон
> немецкий микробиолог
> иммунолог
> 1854-1917
> Эмиль Адольф
> Нобелевский лауреат
|
| Médium: | MixedMaterials Kniha |
| KOHA link: | https://koha.lib.tpu.ru/cgi-bin/koha/opac-detail.pl?biblionumber=26958 |
MARC
| LEADER | 00000nam2a2200000 4500 | ||
|---|---|---|---|
| 001 | 26958 | ||
| 005 | 20231101205748.0 | ||
| 010 | |a 5902758084 | ||
| 035 | |a (RuTPU)RU\TPU\book\27203 | ||
| 035 | |a BOOK00027278 | ||
| 090 | |a 26958 | ||
| 100 | |a 20011209d2006 k y0rusy50 ca | ||
| 101 | 1 | |a rus | |
| 102 | |a RU | ||
| 105 | |a a z 000zd | ||
| 200 | 0 | |a Т. 1: 1901-1909 | |
| 210 | |d 2006 | ||
| 215 | |a 553 с. |c ил. | ||
| 461 | 1 | |0 (RuTPU)RU\TPU\book\132272 |y 5-902758-01-7 |t Нобелевская премия. Физиология и медицина |v Т. 1: 1901-1909 |d 2006 |s Нобелевские лекции - 100 лет | |
| 600 | 1 | |a Павлов |g Иван Петрович |f 1849-1936 |b И. П. |c российский физиолог |c академик Петербургской АН |2 stltpush |3 (RuTPU)RU\TPU\pers\1293 | |
| 600 | 1 | |a Мечников |b И. И. |f 1845-1916 |g Илья Ильич |c российский биолог |c патолог |2 stltpush |3 (RuTPU)RU\TPU\pers\3917 | |
| 600 | 1 | |a Эрлих |b П. |c Ehrlich |c немецкий врач |c бактериолог |c биохимик |c один из основоположников иммунологии и химиотерапии |f 1854-1915 |g Пауль |2 stltpush |3 (RuTPU)RU\TPU\pers\19642 | |
| 600 | 1 | |a Кох |b Г. Г. Р. |f 1843-1910 |g Генрих Герман Роберт |c немецкий микробиолог |c Нобелевский лауреат |2 stltpush |3 (RuTPU)RU\TPU\pers\4405 | |
| 600 | 1 | |a Беринг |b Э. А. фон |c немецкий микробиолог |c иммунолог |f 1854-1917 |g Эмиль Адольф |c Нобелевский лауреат |2 stltpush |3 (RuTPU)RU\TPU\pers\21413 | |
| 600 | 1 | |a Росс |b Р. |c английский паразитолог |c врач |f 1857-1932 |g Роналд |c Нобелевский лауреат |2 stltpush |3 (RuTPU)RU\TPU\pers\21414 | |
| 600 | 1 | |a Финзен (Финсен) |b Н. Р. |c датский физиотерапевт |c Нобелевский лауреат |f 1860-1904 |g Нильс Рюберг |2 stltpush |3 (RuTPU)RU\TPU\pers\21415 |9 9014 | |
| 600 | 1 | |a Гольджи |b К. |c итальянский гистолог |c Нобелевский лауреат |f 1844-1926 |g Камилло |2 stltpush |3 (RuTPU)RU\TPU\pers\21416 |9 9015 | |
| 600 | 1 | |a Рамон-и-Кахаль |b С. |c испанский гистолог |c Нобелевский лауреат |f 1852-1934 |g Сантьяго |2 stltpush |3 (RuTPU)RU\TPU\pers\21417 |9 9016 | |
| 600 | 1 | |a Лаверан |b Ш. Л. А. |c французский врач-паразитолог |c Нобелевский лауреат |f 1845-1922 |g Шарль Луи Альфонс |2 stltpush |3 (RuTPU)RU\TPU\pers\21418 |9 9017 | |
| 600 | 1 | |a Кохер |b Т. |c швейцарский хирург |c Нобелевский лауреат |f 1841-1917 |g Теодор |2 stltpush |3 (RuTPU)RU\TPU\pers\21419 |9 9018 | |
| 610 | 1 | |a наука | |
| 610 | 1 | |a ученые | |
| 610 | 1 | |a ученые звания | |
| 610 | 1 | |a премии | |
| 610 | 1 | |a Нобелевские лауреаты | |
| 610 | 1 | |a Нобелевские премии | |
| 610 | 1 | |a медицина | |
| 610 | 1 | |a физиология | |
| 610 | 1 | |a история | |
| 610 | 1 | |a биографии | |
| 610 | 1 | |a автобиографии | |
| 610 | 1 | |a Нобелевские лекции | |
| 610 | 1 | |a 20 век | |
| 675 | |a 61(09) |v 3 | ||
| 686 | |a Ч216(0)27 |2 rubbk | ||
| 801 | 0 | |a RU |b 63413507 |c 20011209 |g PSBO | |
| 801 | 2 | |a RU |b 63413507 |c 20221130 |g PSBO | |
| 942 | |c BK | ||